Conceptual database design : an entity-relationship approach
Αποθηκεύτηκε σε:
| Κύριος συγγραφέας: | |
|---|---|
| Άλλοι συγγραφείς: | , |
| Μορφή: | Βιβλίο |
| Γλώσσα: | English |
| Δημοσίευση: |
Redwood City, California :
The Benjamin/Cummings publishing co.,
c1992
|
| Σειρά: | Benjamin/Cummings series in computer science
|
| Θέματα: | |
| Ετικέτες: |
Προσθήκη ετικέτας
Δεν υπάρχουν, Καταχωρήστε ετικέτα πρώτοι!
|
MARC
| LEADER | 00000nam a2200000 i 4500 | ||
|---|---|---|---|
| 001 | 1/2482 | ||
| 008 | 000508s1992 eng d | ||
| 020 | |a 0805302441 | ||
| 035 | |l 10060446 | ||
| 040 | |a GR-MY-UA |b gre |e aacr | ||
| 041 | 0 | |a eng | |
| 082 | 0 | |a 005.74 | |
| 100 | 1 | |a Batini, Carlo. | |
| 245 | 1 | 0 | |a Conceptual database design : |b an entity-relationship approach / |c Carlo Batini, Stefano Ceri, Shamkant B. Navathe |
| 260 | |a Redwood City, California : |b The Benjamin/Cummings publishing co., |c c1992 | ||
| 300 | |a xxiv, 470 p.; |b ill.; |c 24 cm. | ||
| 490 | 1 | |a Benjamin/Cummings series in computer science | |
| 504 | |a Includes bibliographical references and indexes | ||
| 650 | 0 | 0 | |a Database design. |
| 700 | 1 | |a Ceri, Stefano |d 1955- | |
| 700 | 1 | |a Navathe, Sham. | |
| 830 | 0 | |a Benjamin/Cummings series in computer science | |
| 852 | |a INST |b SAMOS |e 20000508 |h 005.74 BAT |p 005300015314 |q 005300015314 |t BK |y 0 | ||
| 901 | |a BIBL3-2000-2 | ||
| 909 | |a Σ |b 075160 | ||
| 922 | |a 3ΕΛΗ |b 200003 |c ΤΠΕΣ/ΤΑΚΤ |d ΠΑΠΑΣΩΤΗΡΙΟΥ | ||
| 970 | |a ΓΕΝΟΥΖΟΥ |b ΧΡΥΣΑΝΘΗ |z 2000/05/08 | ||